000 00940cam a2200325 a 4500
001 000004096
003 DO-SdBNP
005 20220719102317.0
007 ta
008 850301e1987 sp er 000 1dspa
020 _a8401322235
040 _aDO-SdBNP
_bspa
_cBNPHU
041 _heng
082 4 _bS642c
_222
100 1 _aSmith, Wilbur A.
_912196
_d1933-2021
240 1 4 _aThe burning shore
245 1 4 _aCosta ardiente /
_cWilbur Smith ; Tradución Edith Zilli.
260 _aBarcelona, España :
_bPlaza & Janés,
_c1987.
300 _a431 p. ;
_c21 cm.
490 1 _aÉxitos
500 _aIncluye datos biográficos del autor.
590 _aInventariado 2022 / MF
650 4 _aNovela sudafricana
_93226
650 4 _aLiteratura sudafricana
_93227
650 4 _aGuerra mundial, 1914-1918
_xFicción
_912197
700 1 _aZilli, Edith,
_etrad.
_93228
830 0 _aÉxitos
_948316
910 _aMFeliz
942 _2ddc
_cLBS1
999 _c3914
_d3914